IIT-JEE Chemistry: (Record no. 184385)
[ view plain ]
| 000 -LEADER | |
|---|---|
| fixed length control field | 00559nam a22001817a 4500 |
| 005 - DATE AND TIME OF LATEST TRANSACTION | |
| control field | 20220119143303.0 |
| 010 ## - LCCN (DPL NO) | |
| LC control number | ENG-131246 |
| 020 ## - INTERNATIONAL STANDARD BOOK NUMBER | |
| International Standard Book Number | 978-93-5322-607-7 |
| Terms of availability | 365.00 |
| 035 ## - SYSTEM CONTROL NUMBER | |
| System control number | EN-114778 |
| 037 ## - SOURCE OF ACQUISITION | |
| Source of stock number/acquisition | DBAD |
| 082 ## - DEWEY DECIMAL CLASSIFICATION NUMBER | |
| Classification number | 540 |
| 100 ## - MAIN ENTRY--PERSONAL NAME | |
| Personal name | Ojha, K G |
| 245 ## - TITLE STATEMENT | |
| Title | IIT-JEE Chemistry: |
| Statement of responsibility, etc | K G Ojha, Sunita |
| Remainder of title | Jee main and ADvanced Chapter-wise Solved Papers 2005-2020/ |
| 260 ## - PUBLICATION, DISTRIBUTION, ETC. (IMPRINT) | |
| Place of publication, distribution, etc | New Delhi |
| Name of publisher, distributor, etc | Prabhat Paperbacks |
| Date of publication, distribution, etc | 2019 |
| 270 ## - ADDRESS | |
| City | New Delhi |
| Address | 4/19, Asaf Ali, Road |
| Postal code | 110002 |
| 300 ## - PHYSICAL DESCRIPTION | |
| Extent | 388p. |
| Dimensions | 27cm(pbk) |
| 942 ## - ADDED ENTRY ELEMENTS (KOHA) | |
| Source of classification or shelving scheme | Dewey Decimal Classification |
| Item type | English Books |
| Classification part | 540 |
| Call number suffix | OJH |
| Withdrawn status | Lost status | Not for loan | Collection code | Home library | Current library | Date acquired | Source of acquisition | Cost, normal purchase price | Full call number | Barcode | Copy number | Cost, replacement price | Koha item type |
|---|---|---|---|---|---|---|---|---|---|---|---|---|---|
| Non-fiction | Central Library | Central Library | 19/01/2022 | DBAD/PUB | 365.00 | 540 OJH | EN-114778 | 1 | 365.00 | English Books |
